<?xml version="1.0" encoding="UTF-8"?><?xml-stylesheet type="text/xsl" href="static/style.xsl"?><OAI-PMH xmlns="http://www.openarchives.org/OAI/2.0/" xmlns:xsi="http://www.w3.org/2001/XMLSchema-instance" xsi:schemaLocation="http://www.openarchives.org/OAI/2.0/ http://www.openarchives.org/OAI/2.0/OAI-PMH.xsd"><responseDate>2026-04-27T20:14:48Z</responseDate><request verb="GetRecord" identifier="oai:uvadoc.uva.es:10324/8382" metadataPrefix="marc">https://uvadoc.uva.es/oai/request</request><GetRecord><record><header><identifier>oai:uvadoc.uva.es:10324/8382</identifier><datestamp>2021-06-29T10:25:41Z</datestamp><setSpec>com_10324_38</setSpec><setSpec>col_10324_852</setSpec></header><metadata><record xmlns="http://www.loc.gov/MARC21/slim" xmlns:doc="http://www.lyncode.com/xoai" xmlns:xsi="http://www.w3.org/2001/XMLSchema-instance" xmlns:dcterms="http://purl.org/dc/terms/" xsi:schemaLocation="http://www.loc.gov/MARC21/slim http://www.loc.gov/standards/marcxml/schema/MARC21slim.xsd">
<leader>00925njm 22002777a 4500</leader>
<datafield tag="042" ind1=" " ind2=" ">
<subfield code="a">dc</subfield>
</datafield>
<datafield tag="720" ind1=" " ind2=" ">
<subfield code="a">Andrés Pérez, Rosa María de</subfield>
<subfield code="e">author</subfield>
</datafield>
<datafield tag="260" ind1=" " ind2=" ">
<subfield code="c">2014</subfield>
</datafield>
<datafield tag="520" ind1=" " ind2=" ">
<subfield code="a">El objetivo del presente trabajo de fin de grado es la elaboración de una propuesta didáctica, que proporcione al docente una herramienta útil para utilizar el valor didáctico del cine para el desarrollo de la creatividad comunicativa.&#xd;
Aprovechando que el cine es un medio de expresión y comunicación de gran trascendencia social, se propone el análisis de cortometrajes para el desarrollo de un taller sobre valores en el 2º ciclo de Educación Primaria.&#xd;
Se procurará por medio del taller de cortometrajes, dotar a los alumnos de las herramientas necesarias para una adecuada convivencia en sociedad. Recurriendo a una cuidada selección de cortometrajes que llevan implícitos determinados valores, se pretende transmitir contenidos curriculares y valores positivos que les capacite para intervenir y ejecutar acciones en los distintos contextos sociales en los que tengan que desenvolverse los alumnos</subfield>
</datafield>
<datafield tag="024" ind2=" " ind1="8">
<subfield code="a">http://uvadoc.uva.es/handle/10324/8382</subfield>
</datafield>
<datafield ind1=" " ind2=" " tag="653">
<subfield code="a">Desarrollo de la creatividad</subfield>
</datafield>
<datafield ind1=" " ind2=" " tag="653">
<subfield code="a">Educación primaria</subfield>
</datafield>
<datafield tag="245" ind1="0" ind2="0">
<subfield code="a">El cine: recurso para desarrollar la creatividad comunicativa en alumnos de Educación Primaria</subfield>
</datafield>
</record></metadata></record></GetRecord></OAI-PMH>